000 01285nam a22002297a 4500
005 20260128114522.0
008 230728b ||||| |||| 00| 0 eng d
020 _a9788129134660
040 _cAL
041 _aEnglish
082 _223
_a891.4693
_bMAUT
100 _aDamodar Mauzo
_9252946
245 _aTeresas man and other stories from Goa
260 _aNew Delhi
_bRupa Publications Pvt Ltd
_c2014
300 _a200p.
_bPB
_c19x13cm
365 _aBLCR-000027
_b₹236.00
_c
_d₹295.00
_e20%
_f15-7-2023
520 _aIn the title story, an ineffectual husband finally reaches his boiling point, 'Coinsanv's Cattle' is a heart-breaking depiction of how a farmer couple must make the impossible choice - send their beloved animals to slaughter or face starvation and, in the quietly humorous 'A Writer's Tale', a senior author becomes the unwitting subject of a woman's fiction. Compiled with care and smoothly, felicitously translated by Xavier Cota, Teresa's Man and Other Stories from Goa brings to readers tales which are as compellingly local in their flavour as they are universal in the ideas and emotions they evoke. This volume is a must-read.
650 _aIndian Fiction
_9128855
650 _aGoa
_9128856
700 _aCota Xavier tr
_9128858
942 _2ddc
_cBK
999 _c228188
_d228188